Ted Williams : (Record no. 530023)

000 -LEADER
fixed length control field 01341cam a22003494a 4500
001 - CONTROL NUMBER
control field 13500355
003 - CONTROL NUMBER IDENTIFIER
control field NUST
005 - DATE AND TIME OF LATEST TRANSACTION
control field 20191008152308.0
008 - FIXED-LENGTH DATA ELEMENTS--GENERAL INFORMATION
fixed length control field 040224s2004 nyua b 001 0beng
010 ## - LIBRARY OF CONGRESS CONTROL NUMBER
LC control number 2004045469
020 ## - INTERNATIONAL STANDARD BOOK NUMBER
International Standard Book Number 0385507488
038 ## - RECORD CONTENT LICENSOR
Staff Name waseem
040 ## - CATALOGING SOURCE
Original cataloging agency DLC
Transcribing agency DLC
Modifying agency DLC
042 ## - AUTHENTICATION CODE
Authentication code pcc
043 ## - GEOGRAPHIC AREA CODE
Geographic area code n-us---
050 00 - LIBRARY OF CONGRESS CALL NUMBER
Classification number GV865.W5
Item number M66 2004b
082 00 - DEWEY DECIMAL CLASSIFICATION NUMBER
Classification number 796.357092
Author Mark MON
100 1# - MAIN ENTRY--PERSONAL NAME
Personal name Montville, Leigh.
9 (RLIN) 23312
245 10 - TITLE STATEMENT
Title Ted Williams :
Remainder of title the biography of an American hero /
Statement of responsibility, etc. Leigh Montville.
250 ## - EDITION STATEMENT
Edition statement 1st ed.
260 ## - PUBLICATION, DISTRIBUTION, ETC.
Place of publication, distribution, etc. New York :
Name of publisher, distributor, etc. Doubleday,
Date of publication, distribution, etc. c2004.
300 ## - PHYSICAL DESCRIPTION
Extent xiv, 513 p. :
Other physical details ill. ;
Dimensions 24 cm.
504 ## - BIBLIOGRAPHY, ETC. NOTE
Bibliography, etc. note Includes bibliographical references (p. [497]-498) and index.
600 10 - SUBJECT ADDED ENTRY--PERSONAL NAME
Personal name Williams, Ted,
Dates associated with a name 1918-2002.
9 (RLIN) 23313
650 #0 - SUBJECT ADDED ENTRY--TOPICAL TERM
Topical term or geographic name entry element Baseball players
Geographic subdivision United States
Form subdivision Biography.
9 (RLIN) 23314
856 42 - ELECTRONIC LOCATION AND ACCESS
Materials specified Contributor biographical information
Uniform Resource Identifier <a href="http://www.loc.gov/catdir/bios/random056/2004045469.html">http://www.loc.gov/catdir/bios/random056/2004045469.html</a>
856 41 - ELECTRONIC LOCATION AND ACCESS
Materials specified Sample text
Uniform Resource Identifier <a href="http://www.loc.gov/catdir/samples/random051/2004045469.html">http://www.loc.gov/catdir/samples/random051/2004045469.html</a>
856 42 - ELECTRONIC LOCATION AND ACCESS
Materials specified Publisher description
Uniform Resource Identifier <a href="http://www.loc.gov/catdir/description/random052/2004045469.html">http://www.loc.gov/catdir/description/random052/2004045469.html</a>
906 ## - LOCAL DATA ELEMENT F, LDF (RLIN)
a 7
b cbc
c orignew
d 1
e ocip
f 20
g y-gencatlg
942 ## - ADDED ENTRY ELEMENTS (KOHA)
Source of classification or shelving scheme
Koha item type Book
Holdings
Withdrawn status Lost status Source of classification or shelving scheme Damaged status Not for loan Permanent Location Current Location Date acquired Source of acquisition Total Checkouts Full call number Barcode Date last seen Price effective from Koha item type
          Central Library (CL) Central Library (CL) 10/08/2019 Donation   796.357092 MON CL-D-624 10/08/2019 10/08/2019 Book
© 2023 Central Library, National University of Sciences and Technology. All Rights Reserved.